000 00570nam a22001937a 4500
003 OSt
005 20250715012900.0
008 250714b |||||||| |||| 00| 0 eng d
040 _aDWCL - Main lib
_cOC
082 _aCirc. 158 M514s 1973
100 _aMeininger, Jut
245 _a Success through transactional analysis/
_cJut Meininger
260 _aNew York :
_bSignet,
_cc1973.
300 _a xii, 212 pages ;
_c 18 cm.
504 _aIncludes index.
650 _a1. Transactional analysis.
700 _aRobert L. Goulding
942 _2ddc
_cBK-CIRC
_kCirc.
_n0
999 _c3661
_d3661